[Event "Moscow Open C University Men"]
[Site "Moscow RUS"]
[Date "2011.02.06"]
[Round "9.20"]
[White "Barsamian, Eduard"]
[Black "Kretov, Evgueij"]
[Result "0-1"]
[WhiteElo "2213"]
[BlackElo "2210"]
[WhiteFideId "24102016"]
[BlackFideId "4167821"]
[EventDate "2011.01.29"]

1. d4 Nf6 2. c4 e6 3. Nc3 d5 4. cxd5 exd5 5. Bg5 c6 6. e3 Be7 7. Bd3 Nbd7 8. Qc2
Nh5 9. Bxe7 Qxe7 10. Nge2 g6 11. O-O O-O 12. Rab1 f5 13. b4 a6 14. a4 b5 15. a5
Ndf6 16. Nd1 Bd7 17. f3 Ng7 18. Qc3 g5 19. Rb2 Rae8 20. Nc1 Nfh5 21. Nb3 f4 22.
e4 dxe4 23. Bxe4 Nf6 24. Nc5 Nxe4 25. fxe4 Be6 26. Nf2 Bc4 27. Rd1 Qa7 28. Rbd2
h5 29. h3 Ne6 30. Qf3 g4 31. hxg4 Ng5 32. Qc3 f3 33. Qe3 Qg7 34. Nd7 hxg4 35. g3
Qxd7 36. Qxg5+ Qg7 37. Qxg7+ Kxg7 38. e5 Be6 39. Rc1 Rc8 40. Ne4 Bd5 41. Nd6
Rcd8 42. Rcc2 Kg6 43. Rh2 Rh8 44. Nb7 Rdf8 45. Rcf2 Kf5 46. Nc5 Ra8 47. Kf1 Rad8
48. Ke1 Bc4 49. Rxh8 Rxh8 50. Kd2 Rh1 51. Nxa6 Ke4 52. Nb8 Ra1 53. a6 Ra2+ 54.
Ke1 Be2 55. Rxe2+ fxe2 56. Kf2 Kd3 0-1

[Event "Moscow Open C University Men"]
[Site "Moscow RUS"]
[Date "2011.02.06"]
[Round "9.21"]
[White "Shvydkin, Pavel"]
[Black "Dzhumaev, Almir"]
[Result "1/2-1/2"]
[WhiteElo "2064"]
[BlackElo "2226"]
[WhiteFideId "24148849"]
[BlackFideId "24169544"]
[EventDate "2011.01.29"]

1. e4 e5 2. Nf3 Nc6 3. Bb5 a6 4. Bxc6 dxc6 5. d4 exd4 6. Qxd4 Qxd4 7. Nxd4 Bd7
8. Be3 O-O-O 9. Nc3 Re8 10. O-O-O Bb4 11. Nde2 Ne7 12. h3 h5 13. Rhf1 Ng6 14. f4
f6 15. Rf3 Rh7 16. Bf2 Nh8 17. Rfd3 Re7 18. Bg3 Nf7 19. a3 Bd6 20. Rf1 Rh8 21.
Nd4 c5 22. Nf3 c4 23. Rd4 b5 24. Re1 Bc6 25. Nh4 Ree8 26. Nf5 Bc5 27. Rd2 Rhg8
28. Nd5 Bf8 29. Nc3 Bd7 30. Nd4 Bd6 31. Rde2 g5 32. Nd5 Be7 33. Nf5 Bd8 34. fxg5
Bxf5 35. exf5 Rxe2 36. Rxe2 Rxg5 37. Bxc7 Bxc7 38. Nxc7 Kxc7 39. Re7+ Kc6 40.
Rxf7 Rxf5 41. Kd2 a5 42. Kc3 Kc5 43. b4+ cxb3 44. cxb3 Rg5 45. b4+ axb4+ 46.
axb4+ Kd5 47. Rd7+ Ke4 48. Rd4+ Ke3 49. g4 hxg4 50. hxg4 Kf3 51. Rd6 Rxg4 52.
Rxf6+ 1/2-1/2

[Event "Moscow Open C University Men"]
[Site "Moscow RUS"]
[Date "2011.02.06"]
[Round "9.22"]
[White "Piskun, Alexey"]
[Black "Gureev, Dmitry"]
[Result "0-1"]
[WhiteElo "2213"]
[BlackElo "2038"]
[WhiteFideId "24105511"]
[BlackFideId "24144428"]
[EventDate "2011.01.29"]

1. d4 Nf6 2. c4 c5 3. Nf3 cxd4 4. Nxd4 e5 5. Nb5 d5 6. cxd5 Bc5 7. e3 O-O 8. Be2
a6 9. N5c3 e4 10. Nd2 Re8 11. Qc2 Qe7 12. a3 Bf5 13. b4 Bd6 14. Nc4 Nbd7 15.
Nxd6 Qxd6 16. Bb2 Rac8 17. Rd1 Ne5 18. Rd4 Nfd7 19. Qd1 Qg6 20. Kf1 Nb6 21. h3
Nbc4 22. Qb3 Nd6 23. a4 Bd7 24. Ba3 b5 25. Bb2 f5 26. axb5 axb5 27. Kg1 f4 28.
Kh2 f3 29. Bf1 fxg2 30. Bxg2 Bxh3 31. Rg1 Bxg2 0-1

[Event "Moscow Open C University Men"]
[Site "Moscow RUS"]
[Date "2011.02.06"]
[Round "9.24"]
[White "Kuzin, Sergey"]
[Black "Dimukhametov, Artur"]
[Result "1/2-1/2"]
[BlackTitle "FM"]
[WhiteElo "2028"]
[BlackElo "2354"]
[WhiteFideId "24124796"]
[BlackFideId "4195680"]
[EventDate "2011.01.29"]

1. d4 d5 2. c4 e6 3. cxd5 exd5 4. Nc3 c5 5. Nf3 Nc6 6. e3 Nf6 7. Bb5 a6 8. Bxc6+
bxc6 9. h3 Bd6 10. dxc5 Bxc5 11. O-O O-O 12. b3 Qd6 13. Bb2 Re8 14. Rc1 Ba7 15.
Qc2 Bd7 16. Rcd1 Qe7 17. Nd4 Bb8 18. Bc1 Ba7 19. Bb2 Bb8 20. Bc1 c5 21. Nf3 Bc6
22. Rfe1 Ba7 23. Ba3 Rac8 24. Qc1 Qb7 25. Nb1 Ne4 26. Nbd2 Nxd2 27. Nxd2 Bd7 28.
Nf3 Bf5 29. Qd2 Red8 30. e4 Be6 31. exd5 Bxd5 32. Re5 c4 33. bxc4 Bxf2+ 34. Qxf2
Bxc4 35. Rxd8+ Rxd8 36. Qe1 Qc6 37. Bb2 Qa4 38. Qc3 f6 39. Re4 Qd1+ 40. Re1 Qd5
41. a4 Qc6 42. Rc1 Qb6+ 43. Kh1 Bd5 44. Qd4 Qb7 45. Rd1 Kf7 46. Rd2 Rd7 47. Qf4
Kg8 48. Qf5 Qc6 49. Rc2 Qb7 50. Qf4 Rd8 51. Qd4 Rd7 52. Qc3 Rd8 53. a5 Qb5 54.
Rf2 1/2-1/2

[Event "Moscow Open C University Men"]
[Site "Moscow RUS"]
[Date "2011.02.06"]
[Round "9.26"]
[White "Guseinov, Djelal"]
[Black "Kartsev, Sergei"]
[Result "1-0"]
[WhiteElo "1997"]
[BlackElo "2112"]
[WhiteFideId "4106571"]
[BlackFideId "24103853"]
[EventDate "2011.01.29"]

1. Nf3 d5 2. d4 Nf6 3. c4 c6 4. Nc3 dxc4 5. a4 Bf5 6. Ne5 Nbd7 7. Nxc4 Nb6 8.
Ne5 a5 9. g3 e6 10. Bg2 Bb4 11. O-O O-O 12. e3 Nfd5 13. Na2 f6 14. Nd3 Bxd3 15.
Qxd3 Bd6 16. e4 Nb4 17. Nxb4 Bxb4 18. Be3 Qd6 19. Rfd1 Rfd8 20. Qb3 Kh8 21. Bh3
Re8 22. e5 Qd5 23. Qc2 f5 24. Bg2 Qd8 25. Rac1 Nd5 26. Qc4 Nb6 27. Qb3 h6 28. h3
Qe7 29. Rd3 Qf8 30. Qd1 Rac8 31. g4 Nd5 32. Qf3 f4 33. Bd2 Bxd2 34. Rxd2 Qb4 35.
Qd3 Ne7 36. Rc4 Qb6 37. Qe4 g5 38. h4 Kg7 39. Bf1 Rh8 40. Bd3 Rcd8 41. f3 Qc7
42. Rh2 gxh4 43. Rxh4 Rdf8 44. Rc2 Qd7 45. g5 Rf5 46. gxh6+ Rxh6 47. Rg2+ Ng6
48. Rhg4 Kf7 49. Rg5 Ne7 50. R5g4 Ng6 51. Rg5 Ne7 52. Rg7+ Ke8 53. R7g4 Nd5 54.
Qxf5 exf5 55. Rg8+ Ke7 56. R2g7+ Ke6 57. Bxf5+ Kxf5 58. Rxd7 Rh3 59. Rf7+ Ke6
60. Rxb7 Rxf3 61. Rg6+ Kf5 62. Rxc6 Ne3 63. Rc3 Rf1+ 64. Kh2 Rf2+ 65. Kh3 Rf3+
66. Kh4 Rg3 67. Rf7+ Ke4 68. e6 Rg4+ 69. Kh5 Rg8 70. e7 1-0

[Event "Moscow Open C University Men"]
[Site "Moscow RUS"]
[Date "2011.02.06"]
[Round "9.27"]
[White "Anfinogenov, Artem"]
[Black "Isaev, Evgeny"]
[Result "1-0"]
[WhiteElo "2068"]
[BlackElo "1940"]
[WhiteFideId "4197461"]
[BlackFideId "4176383"]
[EventDate "2011.01.29"]

1. d4 Nf6 2. c4 e6 3. Nc3 Bb4 4. Qc2 O-O 5. a3 Bxc3+ 6. Qxc3 Ne4 7. Qc2 d5 8.
Nf3 b6 9. Bf4 c5 10. Rd1 Nc6 11. e3 Ba6 12. dxc5 bxc5 13. cxd5 exd5 14. Bxa6
Qa5+ 15. Nd2 Nxd2 16. Rxd2 Qxa6 17. Rxd5 Qa5+ 18. Qd2 Qb5 19. Qc3 Qa6 20. Rxc5
Ne7 21. Ra5 Qb7 22. O-O Nd5 23. Qd2 Nxf4 24. exf4 Rfd8 25. Qe2 Qc7 26. Re5 h6
27. g3 Rab8 28. Re7 Rd7 29. Re8+ Rxe8 30. Qxe8+ Kh7 31. Qe4+ Kg8 32. Re1 Rd2 33.
Qa8+ Rd8 34. Re8+ Rxe8 35. Qxe8+ Kh7 36. Qe3 Qd7 37. Qe4+ Kg8 38. Qc2 Qd4 39.
Kg2 Qd5+ 40. f3 Qb7 41. b4 Qb5 42. g4 Qb6 43. Qc8+ Kh7 44. Qc5 Qa6 45. b5 Qa5
46. Qb4 Qb6 47. a4 Kg8 48. Qc3 Qe6 49. Qd4 Qe7 50. Qe4 Qd7 51. Qc2 Qd8 52. Qc3
Qb6 53. Kf1 Qd6 54. a5 Qd1+ 55. Kf2 Qh1 56. Ke3 Qxh2 57. Kd4 Qxf4+ 58. Kd5 Qb8
59. Qb4 Qd8+ 60. Kc4 Qc7+ 61. Kd3 Qd7+ 62. Ke2 Qe6+ 63. Kf2 Qa2+ 64. Kg3 g5 65.
b6 Qa1 66. Kf2 axb6 67. axb6 Qa2+ 68. Ke3 Qe6+ 69. Kd4 Qd7+ 70. Kc5 Qc8+ 71. Kd4
Qd7+ 72. Kc4 Qc6+ 73. Qc5 Qxf3 74. Qc8+ Kg7 75. b7 Qe2+ 76. Kb4 Qb2+ 77. Kc5
Qc3+ 78. Kd6 Qd4+ 79. Kc6 Qc4+ 80. Kb6 Qb4+ 81. Ka7 Qa5+ 82. Kb8 Qe5+ 83. Qc7
Qe8+ 84. Ka7 Qa4+ 85. Kb6 Qb4+ 86. Kc6 Qc4+ 87. Kd7 Qxg4+ 88. Ke8 Qe6+ 89. Qe7
Qc6+ 90. Qd7 Qe4+ 91. Kd8 Qb4 92. Kc8 Qf8+ 93. Qd8 Qc5+ 94. Qc7 Qf5+ 95. Kd8
Qd5+ 96. Ke8 Qe6+ 97. Kd8 Qd5+ 98. Qd7 Qa5+ 99. Qc7 Qd5+ 100. Kc8 Qe6+ 101. Kb8
Qe8+ 102. Ka7 Qa4+ 103. Kb6 Qb4+ 104. Ka6 Qa3+ 105. Qa5 Qd6+ 106. Ka7 Qd7 107.
Qb4 h5 108. Qc4 h4 109. Ka8 Qd8+ 110. b8=Q Qa5+ 111. Kb7 1-0

[Event "Moscow Open C University Men"]
[Site "Moscow RUS"]
[Date "2011.02.06"]
[Round "9.28"]
[White "Koltunovsky, Evgeny"]
[Black "Edzhibia, David"]
[Result "1/2-1/2"]
[WhiteElo "1806"]
[BlackElo "2054"]
[WhiteFideId "24101257"]
[BlackFideId "24109851"]
[EventDate "2011.01.29"]

1. d4 Nf6 2. c4 g6 3. Nc3 d5 4. cxd5 Nxd5 5. e4 Nxc3 6. bxc3 Bg7 7. Bc4 c5 8.
Ne2 Nc6 9. Be3 O-O 10. O-O Na5 11. Bd3 c4 12. Bc2 b5 13. Qd2 Rb8 14. f4 e6 15.
a4 bxa4 16. Rxa4 Rb2 17. Qc1 Rb5 18. Qa3 Re8 19. Ra1 Bf8 20. Qa2 Nb3 21. Bxb3
cxb3 22. Qb2 a6 23. c4 Rb8 24. c5 Bb7 25. Nc3 Bg7 26. R1a3 Bc6 27. Rc4 e5 28.
fxe5 Bxe5 29. g3 Bg7 30. Rxb3 Rxb3 31. Qxb3 Bxe4 32. Nxe4 Rxe4 33. Rb4 Qe7 34.
Rb8+ Bf8 35. Bf2 a5 36. c6 Re1+ 37. Kg2 Rc1 38. d5 Qe2 39. Rxf8+ Kg7 40. Re8
Qf1+ 41. Kf3 g5 42. Qb2+ f6 43. Qe2 Qh1+ 44. Kg4 Qxd5 45. Kh3 Rc4 46. g4 Rxc6
47. Qe7+ Kh6 48. Qf8+ Kg6 49. Qg8+ Qxg8 50. Rxg8+ Kf7 51. Ra8 Rc3+ 52. Kg2 Rc4
53. Kf3 Rf4+ 54. Kg3 a4 55. Ra6 Rc4 56. h3 Rc3+ 57. Kg2 Rc4 58. Be3 Kg6 59. Kf3
h6 60. Ke2 Rc2+ 61. Bd2 Ra2 62. Kd3 h5 63. Bc3 hxg4 64. hxg4 Rf2 65. Rxa4 Rf4
66. Rxf4 gxf4 67. Bxf6 Kxf6 68. Ke4 f3 69. Kxf3 Kg5 1/2-1/2

[Event "Moscow Open C University Men"]
[Site "Moscow RUS"]
[Date "2011.02.06"]
[Round "9.29"]
[White "Protasov, Alexey"]
[Black "Babkin, Ivan"]
[Result "0-1"]
[WhiteElo "1914"]
[BlackElo "1953"]
[WhiteFideId "24114561"]
[BlackFideId "24142433"]
[EventDate "2011.01.29"]

1. d4 f5 2. c4 e6 3. Nc3 Nf6 4. Bf4 d5 5. e3 c6 6. Nf3 Bd6 7. Ne5 O-O 8. Bd3 Qe7
9. c5 Bxe5 10. Bxe5 Rd8 11. h3 Nbd7 12. Bd6 Qf7 13. g4 Ne4 14. Nxe4 fxe4 15. Be2
e5 16. g5 exd4 17. exd4 Nf8 18. h4 Ne6 19. Qd2 b6 20. h5 Qe8 21. b4 Qd7 22. h6
g6 23. Bg4 Qb7 24. Bxe6+ Bxe6 25. Rb1 Bf5 26. Qe3 b5 27. O-O a5 28. bxa5 Rxa5
29. Qf4 Rxa2 30. Qe5 Qf7 31. Ra1 Raa8 32. Kh2 Re8 33. Be7 Rxa1 34. Rxa1 Qxe7 35.
Ra7 Qxe5+ 36. dxe5 d4 37. e6 Bxe6 38. Rc7 Bd5 39. Kg1 Rd8 40. Kf1 b4 41. Ke2 b3
42. Rg7+ Kh8 43. Rb7 Ra8 0-1